00383nam a2200145Ia 4500003000400000008004100004020002300045040000800068100001800076245007800094250001200172260002600184300001500210365001200225LDD181029s9999 xx 000 0 und d a761970568cP 19.99 cLDD aMarrison, Ken 0aMark, Durkheim & Weberbformations of modern social thoughtcKen Marrison a2nd ed. aNew DelhibSagec2006 axiii, 465p bP 19.99